澳门特别行政区小测验-Macao SAR Quiz - Statistics

General Stats
  • This quiz has been taken 33 times
    17 since last reset
  • The average score is 10 of 22
Answer Stats
提示 答案 % Correct
相邻的地级市 珠海市
86%
澳门特别行政区经济的四大支柱 博彩旅游业
86%
这一年,中国对澳门恢复行使主权 1999
86%
这种花是澳门的象征 莲花
71%
这种甜点是澳门最著名的小吃之一 葡式蛋挞
64%
这位近代作曲家出生于澳门, 《黄河大合唱》是他的代表作品 冼星海
64%
这一年签订的中葡联合声明约定了 中国对澳门恢复行使主权的时间 1987
64%
澳门的西文名称来自这个神话人物 妈祖
57%
五座口岸 横琴口岸
57%
这座建筑是圣保禄大教堂正面前壁遗址, 也是澳门最具代表性的建筑 大三巴牌坊
57%
这一年,葡萄牙将军队全部撤离澳门 1975
50%
澳门特别行政区经济的四大支柱 金融服务业
43%
这四座大桥是澳门主要的跨海通道 友谊大桥
43%
五座口岸 拱北口岸
43%
五座口岸 港珠澳大桥口岸
43%
五座口岸 青茂口岸
29%
澳门特别行政区经济的四大支柱 建筑地产业
21%
这四座大桥是澳门主要的跨海通道 澳门大桥
21%
澳门特别行政区经济的四大支柱 出口加工业
14%
这四座大桥是澳门主要的跨海通道 西湾大桥
14%
这四座大桥是澳门主要的跨海通道 嘉乐庇总督大桥
14%
五座口岸 湾仔口岸
14%
No matching quizzes found
Score Distribution
Percent of People with Each Score
Percentile by Number Answered
Your Score History
You have not taken this quiz since the last reset